000 00783nam a2200241Ia 4500
003 OSt
005 20220923223848.0
006 a|||||r|||| 00| 0
007 ta
008 220922b |||||||| |||| 00| 0 hin d
024 _a222,407
037 _cTextual
040 _aARTS
_cARTS
_bhin
041 _2hin
_ahin
082 _aO152,6N26x, P4-;2
100 _aभारती, धर्मवीर
_9156279
245 0 _aसाहित्य विचार और स्मृति
246 _aSāhitya vichār aur smṛuti
260 _aदिल्ली
_b भारतीय ज्ञानपीठ
_c2004
300 _a248पृ.
_ccm.
942 _hO152,6N26x, P4-;2
_cTEXL
_2CC
999 _c367803
_d367803